MDQL
is popping MORE tags! Check the
thread
!
Quizzes
Events
Quiz Creation
Community
Videos
Private Events
Remove Ads
Sign In
Join for FREE
Feedback
Dark Mode
Quiz Categories
Sports
Geography
Music
Movies
Television
Just For Fun
Miscellaneous
History
Literature
Language
Science
Gaming
Entertainment
Religion
Holiday
For Kids
Quiz Lab
Recent
Popular Today
Quiz Kudos Today
Editor Picks
Curator Picks
Quizzes by...
Day
Popularity
Type
Ratings
Length
Year
Community
Subscriptions
Recent Discussions
Orange Saloon
Badges
Playlists
Quests
Create
Leaderboards
Showdown
Live 5
Trivia Bingo
Activity
Puzzle Library
Sporcle Events
Private Events
Virtual Trivia
Globe League
Become a Host
Pub Owners
SporcleCon
Opinionation
Our Games
Videos
Blog
Mobile Apps
Partnerships
Remove Ads and Go Orange
Feedback
Gaming
Video Games
Board Games
Card Games
Pokémon
Mario
Nintendo
Minecraft
Console
Toys
Legend of Zelda
Gaming
Video Games
Board Games
Card Games
Pokémon
Mario
Nintendo
Minecraft
Console
Toys
Legend of Zelda
Random Quiz
Search Sporcle
×
Quiz Lab
Quiz Lab
Gaming
Character
Type in answers that appear in a list
Type in answers that appear in a list
Classic
Best Score? Go Orange.
Mortal Kombat Deception Characters Stats
Can you name the Mortal Kombat Deception Characters?
By
runforfun
4m
27 Questions
406 Plays
406 Plays
406 Plays
Comments
Comments
Give Quiz Kudos
Give Quiz Kudos
-
- Ratings
hide this ad
Random Order
Randomize order of answers
Randomize order of answers
Replay
Link that replays current quiz
Next Quiz
Link to next quiz in quiz playlist
You Got
0%
They Got
Avg Score
81%
Avg Friend Score
Upgrade to see
Score Distribution
Jump to the score distribution portion of the page
Score
0/27
Timer
04:00
0
Plays Today
Clue
Character
% Correct
Thunder God Protector of Earthrealm
Raiden
92.6%
Ninja enemy of Quan Chi, resides in the Netherrealm
Scorpion
91.9%
Lin Kuei Grand Master who manipulates the cold
Sub Zero
91.1%
Tarkatan clone of princess Kitana
Mileena
90.9%
Reanimated Earthrealm Champion of Mortal Kombat
Liu Kang
90.1%
Tarkatan military leader
Baraka
90.1%
Dragon King
Onaga
87.7%
Queen of Edenia and mother of Kitana
Sindel
87.2%
Blind Psychic Earthrealm Warrior
Kenshi
86.2%
Brotherhood of Shadow Warrior and Cyborg team
Noob Smoke
85.9%
Subterranean four-
armed prince (GameCube only)
Goro
84.7%
An amalgam of warriors' souls freed by the blind warrior
Ermac
83.7%
Outworld Emperor (GameCube only)
Shao Kahn
83.5%
Edenian warrior ally to the Queen
Jade
81.5%
Clue
Character
% Correct
Cleric of Chaos who seeks to spread it throughout the realms
Havik
79%
Male Black Dragon recruit who desires to test his fighting skills on live opponents
Kobra
78.3%
Female recruit of the new Black Dragon
Kira
77.5%
'Chosen One' of the Elder Gods, Dragon King's pawn
Shujinko
77.5%
Leader of the Black Dragon who barely survived a Red Dragon ambush
Kabal
77.3%
Respected Trainer leading Outworld's army against the Tarkata
Bo' Rai Cho
74.6%
Netherrealm Demon who seeks to escape with a holy sword
Ashrah
72.6%
Edenian traitor allied with the Dragon King
Tanya
72.3%
Shaman who foresaw the coming of the Dragon King
Nightwolf
72.3%
Leader of the Revolution in the Realm of Order
Darrius
72.1%
Former Seidan Guardsman, Mercenary
Dairou
71.4%
Guardsman from the Realm of Order
Hotaru
70.9%
Rescued Outworld warrior previously trapped in a corpse
Li Mei
64.7%
Quiz Playlist
Details
Report
Send in Message
Add To Playlist
Classic:
Type in answers that appear in a list
Random Order:
Randomize order of answers
Last Updated: Feb 16, 2017
Quiz Scoreboard
CHALLENGE
Sign Up to Join the Scoreboard
Show All
Scores
Hide
Comments
May contain spoilers
Recently Published
1-10 Letter E Words III
by El_Dandy
Language
2m
Street Fighter Characters
by Artimus82
Gaming
60s
College Basketball Coaching Resumes
by pancakes188
Sports
9m
More to Explore
Quiz From the Vault
Featured Blog Post
Where Did the Easter Bunny Come From?
hide this ad
You Might Also Like...
Tags
Character
deception
kombat
mortal
Mortal Kombat
Today's Top Quizzes in Gaming
Browse Gaming
hide this ad
Today's Top Quizzes in Character
Browse Character
Top Contributed Quizzes in Gaming
1
5-to-1: Consoles
2
7-to-1: Board Game Piece Blitz
3
5-to-1: Legend of Zelda
4
League of Legends Pro Players by Career/Team History
5
Destiny 2 exotic weapons by perk icons
6
Ultimate Genshin Impact Logic Puzzle (up to 4.3)
7
Quick Pick: Video Games Lost in Translation
8
Franchise by Action Figure
9
Who's on the WWE 2K24 Cover?
10
Genshin Impact Logic Puzzle Quiz
Explore More
Trending Topics
Marvel
Harry Potter
NBA
Crossword
Disney
Anime
Kpop
NFL
Pokémon
WWE
The Office
Soccer
Puzzle
Song
Country
hide this ad
More By:
runforfun
Quiz
Plays
Rating
Category
Featured
Created
NBA 7+ Rebounds Per Game 2010-2011
1,287
4.00
Sports
Sep 11, 2011
Raising Hope
1,048
3.00
Television
May 18, 2011
City Populations 5,000,000+
619
2.13
Geography
Sep 7, 2011
Current NBA Players with the same last name
596
5.00
Sports
May 16, 2011
NBA Initialed First Names
474
4.00
Sports
Sep 27, 2011
Go to Creator's Profile
Score Distribution
Quiz Creator Spotlight
runforfun
Follow
Send a Message
Quizzes Created
-
Created Quiz Play Count
-
More By This Creator
Popular Quizzes Today
1
Find the US States - No Outlines Minefield
2
Find the Countries of Europe - No Outlines Minefield
3
The Countries of the World
4
Find the US States
5
Risky Map Clicking: Biggest States A-Z
6
US States
7
Popular People in 1961
8
Movies - When Are They Set?
More Gaming Quizzes
Game by Socks
Published
Trending Quizzes
Risky Map Clicking: Least Populous States A-Z
1-10 Letter G Words
1-10 Letter F Words
Countries of the World: 200 Million BC
Risky Map Clicking: Next State Alphabetically
Recently Updated
Beyoncé Albums
pecheneg
Leaping Animals
pecheneg
Reality TV Shows (A-Z)
bhenderson79
Rickey Henderson's Hall of Fame Teammates
pecheneg
Champions League XIs: Arsenal
pecheneg
Quick Pick: Celebrities in WWE's Hall of Fame
aduchscher
A-Z Keypad Blitz II
pecheneg
Multiple Oscar Actors
pecheneg
Mystery Phrase Blitz: Oscar 'Best Actors'
pecheneg
F. Scott Fitzgerald Novels
LTH
Trending Topics
Anime
Kpop
Crossword
Disney
Harry Potter
NBA
Marvel
Puzzle
Soccer
NFL
Country
WWE
Song
The Office
Pokémon
Your Account Isn't Verified!
In order to create a playlist on Sporcle, you need to verify the email address you used during registration. Go to your
Sporcle Settings
to finish the process.
Report this User
Report this user for behavior that violates our
Community Guidelines
.
Details:
Send Report
Go to the Sporcle.com Mobile Site →
Comments